Villes de Corse et d'Outre-Mer de plus de 10 000 habitants - Statistiques

Statistiques générales
  • Ce quiz a été pris 75 fois
  • Le résultat moyen est 25 sur 52
Statistiques - réponses
Département Ville Population % Correct
2A Ajaccio 73822
100%
2B Bastia 48768
100%
974 Saint-Denis 154765
96%
972 Fort-de-France 74921
90%
974 Le Port 33336
87%
974 Saint-Pierre 84077
85%
973 Cayenne 63468
83%
974 Saint-Paul 105240
83%
2A Porto-Vecchio 11229
79%
974 Le Tampon 81943
77%
971 Les Abymes 52118
71%
973 Saint-Laurent-du-Maroni 50250
69%
971 Pointe-à-Pitre 14486
67%
971 Sainte-Anne 24281
67%
974 Sainte-Marie 34344
65%
972 Sainte-Marie 14650
65%
973 Kourou 24612
63%
974 Saint-Louis 53935
63%
974 Saint-Benoît 37023
60%
972 Le Lamentin 39641
58%
974 Saint-André 57150
54%
974 Saint-Joseph 38807
52%
972 Saint-Joseph 16135
52%
972 Le Robert 21305
46%
974 Saint-Leu 34893
44%
971 Baie-Mahault 30909
40%
972 Schœlcher 19341
40%
972 La Trinité 11747
38%
974 La Possession 35245
37%
971 Le Gosier 27184
37%
971 Sainte-Rose 17630
37%
971 Saint-François 13004
37%
971 Le Moule 22645
33%
974 Sainte-Suzanne 24293
33%
973 Matoury 34810
31%
973 Remire-Montjoly 27274
31%
971 Petit-Bourg 24272
29%
971 Lamentin 18527
25%
972 Le François 15996
25%
972 Ducos 17912
23%
974 L'Étang-Salé 13836
23%
971 Saint-Claude 10700
23%
971 Morne-à-l'Eau 15898
21%
971 Capesterre-Belle-Eau 17731
19%
973 Macouria 18847
19%
974 Les Avirons 11434
17%
972 Rivière-Salée 11887
17%
974 Bras-Panon 13344
15%
973 Mana 11764
15%
972 Rivière-Pilote 11712
13%
972 Saint-Esprit 10270
13%
974 Petite-Île 12617
12%
Aucun quiz correspondant
Distribution des résultats
% des personnes avec chaque résultat
Percentile par nombre de réponses
Votre historique - résultats
Vous n’avez pas pris ce quiz